000 00462nam a22001697a 4500
005 20240426150332.0
008 240426b |||||||| |||| 00| 0 eng d
020 _a9780471402480
082 _a005.133
_bHOR-B
100 _aHorstman, Cay
245 _aBig Java /
_cCay Horstmann
260 _aUSA;
_bWiley;
_c2002.
300 _axviii,1202 p. :
_bill;
_c23 cm.
500 _ainclude index.
650 _acomputer science/ Java programming Language
999 _c35609
_d35609